Statistics for Click People in Chronological Order

Click here to take the quiz!

General Stats

  • This quiz has been taken 199 times
  • The average score is 14 of 25

Answer Stats

HintAnswer% Correct
1889Adolf Hitler
74%
4 BCJesus Christ
74%
1962Steve Irwin
68%
1341 BCTutankhamun
67%
1879Albert Einstein
60%
356 BCAlexander the Great
59%
1847Thomas Edison
59%
1819Queen Victoria
58%
1732George Washington
57%
100 BCJulius Caesar
57%
1769Napoleon Bonaparte
57%
1451Christopher Columbus
56%
69 BCCleopatra
56%
747Charlemagne
53%
1564William Shakespeare
52%
1643Isaac Newton
51%
272Constantine I
49%
1491Henry VIII
49%
571Muhammad
49%
1162Genghis Khan
48%
970Leif Erikson
47%
469 BCSocrates
47%
247 BCHannibal Barca
45%
551 BCConfucius
42%
1254Marco Polo
40%

Score Distribution

Percentile by Number Answered

Percent of People with Each Score

Your Score History

You have not taken this quiz